Greece or Italy? - Statistics

General Stats
  • This quiz has been taken 139 times
  • The average score is 14 of 15
Answer Stats
Question Answer % Correct
Its capital is Athens Greece
100%
The biggest island of the country is Crete Greece
100%
The second biggest city of the country is called Thessaloniki Greece
100%
Home to the tower of Pisa Italy
100%
The country is called the cape of the Balkans often Greece
95%
The country is the birthplace of Great Alexander Greece
95%
In the language of the country the name of the country is called Hellada Greece
95%
Is home to the Parthenon Greece
95%
counrty where the first pizza was made Italy
95%
The country is home to the Alps Italy
95%
Its the birthplace of Pasta Italy
95%
The country is largest in population than the other Italy
95%
Birthplace of modern democracy Greece
90%
The second biggest island is called Sardegna Italy
90%
Hosted Eurovision in 2022 Italy
86%
No matching quizzes found
Score Distribution
Percent of People with Each Score
Percentile by Number Answered
Your Score History
You have not taken this quiz